[Event "Berlin op"]
[Site "Berlin"]
[Date "1996.??.??"]
[Round "?"]
[White "Brustkern, Juergen"]
[Black "Brumby, Hans Christoph"]
[Result "1/2-1/2"]
[WhiteElo "2199"]
[BlackElo "2080"]
[PlyCount "46"]
[EventDate "1996.??.??"]
[EventType "swiss"]
[EventRounds "9"]
[EventCountry "GER"]
[SourceTitle "EXT 2008"]
[Source "ChessBase"]
[SourceDate "2007.11.25"]
[SourceVersion "1"]
[SourceVersionDate "2007.11.25"]
[SourceQuality "1"]

1. e4 g6 2. d4 Bg7 3. Nc3 c6 4. Bc4 d6 5. Qf3 e6 6. Nge2 Nd7 7. Bf4 Qe7 8. 0-0-0 b5 9. Bxb5 cxb5 10. Nxb5 e5 11. dxe5 dxe5 12. Be3 Rb8 13. Nd6+ Kf8 14. Bxa7 Ra8 15. Nc3 Ngf6 16. g4 Bh6+ 17. Be3 Bxe3+ 18. fxe3 Kg7 19. g5 Ne8 20. Rhf1 Nxd6 21. Rxd6 Rf8 22. Qf6+ Qxf6 23. gxf6+ Kh6 1/2-1/2